Irish countryside buildings : everyday architecture in the rural landscape /

Bibliographic Details
Main Author: Shaffrey, Patrick
Other Authors: Shaffrey, Maura
Format: Book
Language:English
Published: Dublin : O'Brien, [1985]
Subjects:

MARC

Tag First Indicator Second Indicator Subfields
LEADER 00000cam a2200000 a 4500
001 in00000014104
005 20151007052136.0
008 860908s1985 ie abe b 00110 eng d
010 |a gb 84040173  
015 |a GB84-40173 
020 |a 0862780497 :  |c £19.95 (Irish) 
020 |a 0862780772 (Special ed.) :  |c No price 
035 |a (OCoLC)12467766 
035 |9 AAA6454AM 
040 |a UKM  |c UKM  |d DLC  |d m/c  |d TXA  |d UtOrBLW 
043 |a e-ie--- 
049 |a TXAM  |c [A12559795] 
050 1 0 |a NA7337.A1 
050 4 |a NA7337  |b .S43 1985 
082 0 |a 720/.9415  |2 19 
100 1 |a Shaffrey, Patrick. 
245 1 0 |a Irish countryside buildings :  |b everyday architecture in the rural landscape /  |c Patrick & Maura Shaffrey. 
264 1 |a Dublin :  |b O'Brien,  |c [1985] 
300 |a 128 pages :  |b illustrations (some color), maps, plans ;  |c 31 cm. 
336 |a text  |b txt  |2 rdacontent 
337 |a unmediated  |b n  |2 rdamedia 
338 |a volume  |b nc  |2 rdacarrier 
504 |a Bibliography: page 126. 
500 |a Include index. 
650 0 |a Architecture, Domestic  |z Ireland. 
700 1 |a Shaffrey, Maura. 
999 |a MARS 
999 f f |s a2e0d157-f92b-3f5b-9cf4-cc1dcd483726  |i 11143812-663b-3379-b3b9-2896a9204a7b  |t 0 
952 f f |p ric  |a Texas A&M University  |b Rellis Campus  |c Joint Library Facility  |d Remote Storage  |t 0  |e NA7337 .S43 1985  |h Library of Congress classification  |i unmediated -- volume  |m A14812559795 
998 f f |a NA7337 .S43 1985  |t 0  |l Remote Storage